| Tag |
First Indicator |
Second Indicator |
Subfields |
| LEADER |
00000cem a2200000 a 4500 |
| 001 |
in00002719085 |
| 005 |
20151202143455.0 |
| 007 |
aj canzn |
| 008 |
070305s1989 cc g a 0 chio |
| 010 |
|
|
|a 2007628546
|
| 020 |
|
|
|a 7503102152
|
| 020 |
|
|
|a 9787503102158
|
| 029 |
1 |
|
|a AU@
|b 000015079702
|
| 034 |
1 |
|
|a a
|b 750000
|
| 035 |
|
|
|a (OCoLC)ocm35011671
|
| 035 |
|
|
|a (OCoLC)35011671
|
| 040 |
|
|
|a DLC
|c DLC
|d GUA
|d CGU
|d TXA
|d UtOrBLW
|
| 043 |
|
|
|a a-cc-nn
|
| 049 |
|
|
|a TXAM
|
| 050 |
0 |
0 |
|a G7823.N5 1989
|b .Z5
|
| 052 |
|
|
|a 7823
|b N5
|
| 052 |
|
|
|a 7824
|b Y43
|
| 090 |
|
|
|a G7823.N5 1989
|b .Z48
|
| 110 |
2 |
|
|6 880-01
|a Zhongguo di tu chu ban she.
|
| 245 |
1 |
0 |
|6 880-02
|a Ningxia Huizu Zizhiqu di tu /
|c Zhongguo di tu chu ban she bian zhi.
|
| 250 |
|
|
|6 880-03
|a Di 2 ban.
|
| 255 |
|
|
|a Scale 1:750,000.
|
| 264 |
|
1 |
|6 880-04
|a [Beijing, China] :
|b Zhongguo di tu chu ban she,
|c 1989.
|
| 300 |
|
|
|a 1 map :
|b color ;
|c 66 x 48 cm.
|
| 336 |
|
|
|a cartographic image
|b cri
|2 rdacontent
|
| 337 |
|
|
|a unmediated
|b n
|2 rdamedia
|
| 338 |
|
|
|a sheet
|b nb
|2 rdacarrier
|
| 500 |
|
|
|a Relief shown by spot heights.
|
| 500 |
|
|
|a Includes inset of Yinchuan.
|
| 500 |
|
|
|a Cartographic material.
|
| 651 |
|
0 |
|a Ningxia Huizu Zizhiqu (China)
|v Maps.
|
| 651 |
|
0 |
|a Ningxia Huizu Zizhiqu (China)
|x Administrative and political divisions
|v Maps.
|
| 651 |
|
0 |
|a Yinchuan Shi (China)
|v Maps.
|
| 880 |
2 |
|
|6 110-01
|a 中国地图出版社.
|
| 880 |
1 |
0 |
|6 245-02
|a 宁夏回族自治区地图 /
|c 中国地图出版社编制.
|
| 880 |
|
|
|6 250-03
|a 第2版.
|
| 880 |
|
|
|6 264-04
|a [北京, China] :
|b 中国地图出版社,
|c 1989.
|
| 987 |
|
|
|a PINYIN
|b DLC
|d c
|
| 948 |
|
|
|a cataloged
|b h
|c 2011/10/5
|d c
|e jgreene
|f 1:15:11 pm
|
| 994 |
|
|
|a C0
|b TXA
|
| 999 |
|
|
|a MARS
|
| 999 |
f |
f |
|s e4a5f411-a15d-3e4b-aade-f21add4ceb3a
|i b5f9f09e-1741-3259-ac8f-5088e2295853
|t 0
|
| 952 |
f |
f |
|p normal
|a Texas A&M University
|b College Station
|c Sterling C. Evans Library
|d Evans: Maps (2nd floor)
|t 0
|e G7823.N5 1989 .Z48
|h Library of Congress classification
|i unmediated -- sheet
|m A14837850174
|
| 998 |
f |
f |
|a G7823.N5 1989 .Z48
|t 0
|l Evans: Maps (2nd floor)
|